| Поле | Инд. | ПП | Название | Значение |
|---|---|---|---|---|
| Тип записи | a | |||
| Библиографический уровень | b | |||
| 001 | Контрольный номер | RU/IS/BASE/161364079 | ||
| 005 | Дата корректировки | 20200522190859.9 | ||
| 008 | Кодируемые данные | 20050210 | ||
| 084 | a | Индекс другой классификации/Индекс ББК | 60.524.224.53(2Рос) | |
| a | Индекс другой классификации/Индекс ББК | 60.524.15(2Рос)-425 | ||
| a | Индекс другой классификации/Индекс ББК | 60.546.22(2Рос) | ||
| 100 | 1_ | a | Автор | Силласте Г. Г. |
| q | Полное имя | Силласте Галина Георгиевна | ||
| 245 | a | Заглавие | Влияние СМИ на жизненные планы сельской учащейся молодежи | |
| 504 | a | Библиография | Библиогр. | |
| 520 | a | Аннотация | Средства массовой информации во многом определяют жизненные позиции, отношение к окружающему миру и взгляды молодежи, в том числе сельской. Результаты исследования "Влияние средств массовой информации на сознание и поведенческие установки учащихся средних школ" (2003 г.) демонстрируют, что современные сельские школьники "отличаются локализованной средой межкоммуникативных связей, в которой роль средств массовой информации, особенно телевидения, многократно выше, чем в городской среде, а влияние традиций, обычаев, микросоциума, и прежде всего родителей, а также учителей, напротив, значительно сильнее, чем в городе и в городской семье" | |
| 650 | a | Основная рубрика | социология | |
| a | Основная рубрика | социология групп | ||
| a | Основная рубрика | социология села | ||
| a | Основная рубрика | территориальные сообщества | ||
| 653 | a | Ключевые слова | воздействие рекламы | |
| a | Ключевые слова | деревни | ||
| a | Ключевые слова | жизненные стратегии | ||
| a | Ключевые слова | жизненные ценности | ||
| a | Ключевые слова | молодежь | ||
| a | Ключевые слова | нравственные ценности | ||
| a | Ключевые слова | поведенческие установки | ||
| a | Ключевые слова | подростки | ||
| a | Ключевые слова | пропаганда | ||
| a | Ключевые слова | реклама | ||
| a | Ключевые слова | Россия | ||
| a | Ключевые слова | сельская молодежь | ||
| a | Ключевые слова | социология телевидения | ||
| a | Ключевые слова | средства массовой информации (СМИ) | ||
| a | Ключевые слова | телевидение | ||
| a | Ключевые слова | телевизионная пропаганда | ||
| a | Ключевые слова | телевизионная реклама | ||
| a | Ключевые слова | телевизионные передачи | ||
| a | Ключевые слова | трудовые установки | ||
| a | Ключевые слова | учащиеся | ||
| a | Ключевые слова | ценностная переориентация | ||
| a | Ключевые слова | ценностные ориентации | ||
| 773 | t | Заглавие источника | Социологические исследования | |
| d | Дата издания источника | 2004 | ||
| g | Прочая информация | № 12. - С. 95 - 102 : 5 табл. | ||
| w | Контрольный № источника | RU/IS/BASE/157478772 | ||
| 901 | t | Тип документа | b |